000 00786aam a2200301 i 4500
001 768714001
003 CO-MdFUSB
005 20250524125244.0
007 ta
008 250524t1980 -us |||| |||| 00| 0 eng d
020 _a0-310-60301-3
040 _cCO-MdFUSB
041 0 _aeng
082 0 4 _a248.4
_223
_bE9242v
100 1 _aEvans, Colleen Townsend
_eautor
245 1 0 _aThe vine life
_c/ Colleen Townsend Evans
264 1 _bChosen Books,
_aGrand Rapids, MI., USA :
_c[1980]
264 4 _c©1980
300 _a135 páginas
336 _atexto
_btxt
_2rdacontent
337 _2rdamedia
_asin mediación
_bn
338 _2rdacarrier
_avolumen
_bnc
563 _aRústico
650 0 _aVida cristiana
_919
942 _cBK
945 _aJTF-925
999 _c35775
_d35775